header

Facing Alzheimer's : (Record no. 256150)

MARC details
000 -LEADER
fixed length control field 01129cam a2200301 a 4500
001 - CONTROL NUMBER
control field 638301
003 - CONTROL NUMBER IDENTIFIER
control field OSt
005 - DATE AND TIME OF LATEST TRANSACTION
control field 20170308093738.0
008 - FIXED-LENGTH DATA ELEMENTS--GENERAL INFORMATION
fixed length control field 930820s1993 nyu b 001 0 eng
010 ## - LIBRARY OF CONGRESS CONTROL NUMBER
LC control number 93090068
020 ## - INTERNATIONAL STANDARD BOOK NUMBER
International Standard Book Number 0345375491 :
Terms of availability $4.99 ($5.99 Can.)
040 ## - CATALOGING SOURCE
Original cataloging agency DLC
Transcribing agency DLC
Modifying agency DLC
050 00 - LIBRARY OF CONGRESS CALL NUMBER
Classification number RC523
Item number .C7 1993
082 00 - DEWEY DECIMAL CLASSIFICATION NUMBER
Classification number 362.1/96831
Edition number 20
100 1# - MAIN ENTRY--PERSONAL NAME
Personal name Coughlan, Patricia Brown.
245 10 - TITLE STATEMENT
Title Facing Alzheimer's :
Remainder of title family caregivers speak /
Statement of responsibility, etc Patricia Brown Coughlan.
250 ## - EDITION STATEMENT
Edition statement 1st ed.
260 ## - PUBLICATION, DISTRIBUTION, ETC. (IMPRINT)
Place of publication, distribution, etc New York :
Name of publisher, distributor, etc Ballantine Books,
Date of publication, distribution, etc c1993.
300 ## - PHYSICAL DESCRIPTION
Extent x, 261 p. ;
Dimensions 18 cm.
504 ## - BIBLIOGRAPHY, ETC. NOTE
Bibliography, etc Includes bibliographical references (p. 249-254) and index.
650 #0 - SUBJECT ADDED ENTRY--TOPICAL TERM
Topical term or geographic name as entry element Alzheimer's disease
General subdivision Patients
-- Family relationships.
Topical term or geographic name as entry element Alzheimer's disease
General subdivision Patients
-- Home care.
Topical term or geographic name as entry element Caregivers
General subdivision Family relationships.
856 42 - ELECTRONIC LOCATION AND ACCESS
Materials specified Publisher description
Uniform Resource Identifier <a href="http://www.loc.gov/catdir/description/random043/93090068.html">http://www.loc.gov/catdir/description/random043/93090068.html</a>
906 ## - LOCAL DATA ELEMENT F, LDF (RLIN)
a 7
b cbu
c orignew
d 3
e opcn
f 19
g y-gencatlg
942 ## - ADDED ENTRY ELEMENTS (KOHA)
Source of classification or shelving scheme Library of Congress Classification
Koha item type Long Loan Books
Holdings
Withdrawn status Lost status Source of classification or shelving scheme Damaged status Not for loan Collection code Home library Current library Shelving location Date acquired Total Checkouts Full call number Barcode Date last seen Price effective from Koha item type
    Library of Congress Classification     Non-fiction Rongo University Library Rongo University Library General Stacks 08/03/2017   RC523 .C7 1993 20157768 08/03/2017 08/03/2017 Long Loan Books

© 2026 Rongo University
Contact us: librarian | system librarian | Rongo university